Religion A-Z - Statistics

General Stats
  • This quiz has been taken 37 times
  • The average score is 40 of 52
Answer Stats
Hint Answer % Correct
A) This is said at the end ofJesus' prayer in Christian teachings Amen
100%
E) Adams female counterpart who ate the forbidden apple Eve
100%
I) One of the 3 largest world religions Islam
100%
R) Holy month of Islam that requires fasting fromsunrise to sundown Ramadan
100%
D) He slayed Goliath in battle David
97%
F) This late pope was elected in 2013 Francis
97%
J) In Christianity, he is the holy son of God Jesus
97%
J) One of the oldest monotheistic religions centeringin Israel and the Middle East Judaism
97%
M) According to Exodus, this man parted the RedSea to lead the Israelites out of Egypt Moses
97%
B) Christian sacrament of rebirth involvingspiritual cleansing by water Baptism
94%
B) According to the Bible, Jesus was born in this town Bethlehem
94%
C) Named this by the Roman emperor, thiscity is now Istanbul, Turkey Constantinople
94%
C) Series of religious wars by European Christians to reclaim the Holy Land Crusades
94%
M) The belief in only one God monotheism
94%
N) The ultimate state of enlightenment for Buddhistsand Hindus Nirvana
94%
O) In Norse mythology, he is the father of Thorand protector of the nine realms Odin
91%
Q) The holy book of Islam Quran
91%
S) The day of rest and worship held on Sundayfor most Christians Sabbath
91%
A) Religious group in the northeastUS that reject modernism in favor of simplicity Amish
89%
H) Annual Muslim pilgrimage to the Holy Land of Mecca Hajj
89%
I) The Garden of Eden was said to be in thismodern day country Iraq
89%
L) Title given to the leader of Tibetan Buddhism Lama
89%
L) In the Bible, this was the final meal Jesus sharedwith his disciples before his death Last Supper
89%
V) Home to the Pope and St Peters Basilica Vatican City
89%
D) Ancient Celtic priests Druid
86%
R) Religious movement that began in Jamaica in the 1930s Rastafari
86%
T) This holy book holds the first 5 books of Hebrewteachings Torah
86%
X) The shortened version of Christmas that oftencomes with controversy Xmas
86%
K) The universal principle of cause and effect, according to Buddhist and Hindu teachings karma
83%
V) Hindu god of preservation Vishnu
83%
Q) This religion is also called the Religious Societyof Friends who believe in the inner light Quaker
80%
P) Major Jewish holiday celebrating the freedom ofIsraelites from Egyptian slavery Passover
77%
F) Similar to a monk, they are often membersof Franciscans or Dominicans Friar
74%
O) The first/early part of the Christian bible Old Testament
74%
S) This religion centers around life, service to others,and the belief in karma. Founded in 15th century India Sikhism
74%
T) Biblical laws of Christianity handed down to Mosesby God Ten Commandments
74%
E) This branch of Christianity is commonin Russia, Ukraine, Greece, etc Eastern Orthodox
71%
G) In Hindu, this elephant faced God is theremover of obstacles and the holder of wisdom Ganesh
71%
H) Jewish ancestors who were led outof Egypt Hebrew
66%
P) Christian holy day celebrated the week beforeEaster Palm Sunday
66%
U) He was the pope of the Roman church from222-230 AD Urban
63%
W) Centers around nature and the belief of symbols,solstices, and equinoxes Wicca
51%
Y) The Jewish Day of Atonement Yom Kippur
51%
K) Cube-shaped church in Mecca that Muslimsface when they pray Kabah
49%
Y) Hebrew name of God in the Bible Yahweh
49%
U) According to the Bible, God created this, from whichall life formed universe
43%
N) This creed states Christ is consubstantial withGod the Father and begotten, not created Nicene Creed
34%
W) A diet was held in this German city to convenethe punishment of Martin Luther as a heretic Worms
34%
Z) Ancient Iranian religion that centers on the GodAhura Mazda Zoroastrianism
34%
Z) One of the 5 pillars of Islam, an act of charity to the poor Zakat
29%
X) Greek word for Christ or Messiah Xristos
11%
G) The Roman Catholic church of France Gallican
9%
No matching quizzes found
Score Distribution
Percent of People with Each Score
Percentile by Number Answered
Your Score History
You have not taken this quiz